NBA Ball Knowledge - Statistics

General Stats
  • This quiz has been taken 418 times
  • The average score is 9 of 15
Answer Stats
Hint Answer % Correct
Who is the leading all time goal scorer in NBA history? LeBron James
99%
What does the "NBA" stand for? National Basketball Association
93%
Which team holds the most NBA titles? The Boston Celtics
88%
Who is the current president of the NBA? Adam Silver
84%
Which team drafted LeBron James in the 2003 NBA draft? The Cleveland Cavaliers
81%
What are the names of the two teams based in LA? LA Lakers and the LA Clippers
80%
How many seasons did Michael Jordan play? 15 Seasons
73%
Who is the tallest player in NBA history? Manute Bol
68%
Who is the shortest player in NBA history? Muggsy Bogues
65%
Who was in the 1996 NBA draft and was selected 13th overall by the Charlotte Hornets? Kobe Bryant
64%
Who invented basketball? James Naismith
38%
What was the first NBA finals MVP? Jerry West
36%
What are the names of all 3 Ball brothers? LaMelo Ball, Lonzo Ball, and LiAngelo Ball
34%
How tall is laVar Ball (in meters)? 1.93m
10%
Who is the oldest player to play in NBA history? Nat Hickey
7%
No matching quizzes found
Score Distribution
Percent of People with Each Score
Percentile by Number Answered
Your Score History
You have not taken this quiz